Currencies by $ymbol - Statistics

General Stats
  • This quiz has been taken 33,536 times
  • The average score is 12 of 24
Answer Stats
hint currency % Correct
$ dollar
99%
euro
97%
£ pound
93%
¥ yen
90%
Fr franc
73%
rupee
62%
kr krone
59%
rouble
59%
¢ cent
58%
kr krona
55%
$ peso
49%
¥ yuan
47%
złoty (Poland)
47%
won (N & S Korea)
46%
د. dinar
39%
R rand
27%
R$ real (Brazil)
27%
koruna (Czechia)
25%
฿ baht (Thailand)
24%
shekel
20%
Ft forint (Hungary)
19%
د. dirham
18%
dong (Vietnam)
18%
¢ centavo
7%
No matching quizzes found
Score Distribution
Percent of People with Each Score
Percentile by Number Answered
Your Score History
You have not taken this quiz